00736nam a2200229 i 4500001000300000100002100003245006600024260004900090300005100139504001200190650002000202020001500222040000800237041000700245080001200252920001800264942000700282008004100289999001700330856009800347952006100445bg1 aZURADA, Jacek M.10aIntroduction to artificial neural systems /cJacek M. Zurada. aSt. Paul [i in.] :bWest Publ. Comp.,c1992. aXXIV, 683, 57, 119 s. :brys., wykr. ;c24 cm. aIndeks. 9aSieci neuronowe a0314933913 cBPK0 aen a681.324 a0-314-93391-3 cKS s pl f |000 0 pol  c30200d30200 uhttp://koha.tu.koszalin.pl/cgi-bin/koha/opac-detail.pl?biblionumber=30200yKatalog online BPK 00104070aBPKbBPKcwo36822p01867541q2026-06-16yKS